Controlling disease outbreaks (Record no. 164172)
[ view plain ]
| 000 -LEADER | |
|---|---|
| fixed length control field | 02155nam a2200361 a 4500 |
| 082 04 - DEWEY DECIMAL CLASSIFICATION NUMBER | |
| Classification number | 362.11 |
| 100 1# - MAIN ENTRY--AUTHOR NAME | |
| Personal name | Nap, Raoul E. |
| 245 10 - TITLE STATEMENT | |
| Title | Controlling disease outbreaks |
| 260 ## - PUBLICATION, DISTRIBUTION, ETC. (IMPRINT) | |
| Place of publication | Hauppauge, N.Y. : |
| Name of publisher | Nova Science Publishers, |
| Year of publication | 2010. |
| 300 ## - PHYSICAL DESCRIPTION | |
| Number of Pages | xii, 96 p. |
| 490 1# - SERIES STATEMENT | |
| Series statement | Public health in the 21st century series |
| 505 0# - FORMATTED CONTENTS NOTE | |
| Formatted contents note | Preparing the health care system -- Impact of avian influenza in the Netherlands -- Hospital capacity -- Intensive care unit capacity -- Workforce -- General practitioners -- Age distribution -- Underlying disease and co-morbidity -- Mitigation of pandemic influenza -- Containment measures for pandemic influenza -- Healthcare system readiness -- Internal preparation -- Business continuity -- External preparation -- Evidence-based management -- Evidence from focused modeling : a case study from the Netherlands -- Healthcare system readiness -- Hospital and intensive care unit capacity -- Workforce -- General practitioners -- Age distribution -- Underlying disease and co-morbidity -- Mitigation and containment measures for pandemic influenza -- Methodological considerations. |
| 650 #0 - SUBJECT ADDED ENTRY--TOPICAL TERM | |
| Topical Term | Epidemics. |
| Topical Term | Hospitals. |
| Topical Term | Clinical epidemiology. |
| 856 40 - ELECTRONIC LOCATION AND ACCESS | |
| Uniform Resource Identifier | http://site.ebrary.com/lib/rucke/Doc?id=10675157 |
No items available.
